• 首页
  • 本馆介绍
  • 公告通知
  • 最新文献
  • 馆藏检索
  • 电子资源
  • 读者导购
  • 参考咨询
  • 我的图书馆
  • 登录
  • 详细信息显示
  • 放入我的书架
  • 预约/预借图书
  • 作者相关作品
  • 分类相关作品
  • 丛书相关作品
  • 出版社相关作品

书目信息

  • 表格格式
  • 工作单格式
  • 卡片格式
题名:
中国政府信息公开第三方评估报告
    
 
作者: ;中国社科院 著
分册: 2015  
出版信息: 北京   中国社会科学出版社  2016
页数: 11,206页
开本: 26cm
丛书名:
单 册:
中图分类: D63-39
科图分类:
主题词: 政府信息--zheng fu xin xi--信息公开--评估--报告--中国
电子资源:
ISBN: 978-7-5161-8218-5
000 01369nam0 22002531 450
001 0124140204
005 20170324140204.0
010    @a978-7-5161-8218-5@dCNY58.00
100    @a20160725d2016 em y0chiy50 ea
101 0  @achi@deng
102    @aCN@b110000
105    @ay z 000yy
106    @ar
200 1  @a中国政府信息公开第三方评估报告@9zhong guo zheng fu xin xi gong kai di san fang ping gu bao gao@h2015@dThird party assessment report on the disclosure of government information in China@h2015@f中国社会科学学院法学研究所著@zeng
210    @a北京@c中国社会科学出版社@d2016
215    @a11,206页@d26cm
300    @a国家智库报告2016(20) 法治指数与法治国情
330    @a本书是2015年政府信息公开工作开展第三方评估的专题报告。此次评估针对55家国务院部门、31家省级政府、93家地市级政府,采取观察各评估对象门户网站、分析各评估对象自报材料和公开工作年度报告、开展依申请公开验证等方式,就权力清单、财政预决算、食品药品安全、棚户区改造、建议提案办理结果等重点领域信息公开,政策解读,热点问题回应,公开保障机制建设等进行了评估。
510 1  @aThird party assessment report on the disclosure of government information in China@h2015@zeng
606 0  @a政府信息@9zheng fu xin xi@x信息公开@x评估@x报告@y中国
690    @aD63-39@v5
711 02 @a中国社科院@9zhong guo she ke yuan@b法学研究所@4著
801  0 @aCN@bTANGWEI@c20170308
905    @b0962078-80@dD63-39@e259@f3
    
    中国政府信息公开第三方评估报告.2015=Third party assessment report on the disclosure of government information in China.2015/中国社会科学学院法学研究所著.-北京:中国社会科学出版社,2016
    11,206页;26cm
    国家智库报告2016(20) 法治指数与法治国情
    
    ISBN 978-7-5161-8218-5:CNY58.00
    本书是2015年政府信息公开工作开展第三方评估的专题报告。此次评估针对55家国务院部门、31家省级政府、93家地市级政府,采取观察各评估对象门户网站、分析各评估对象自报材料和公开工作年度报告、开展依申请公开验证等方式,就权力清单、财政预决算、食品药品安全、棚户区改造、建议提案办理结果等重点领域信息公开,政策解读,热点问题回应,公开保障机制建设等进行了评估。
●
相关链接 在E读中查询图书 在五车中查询图书 在当当中查询图书 在豆瓣中查询图书


正题名:中国政府信息公开第三方评估报告     索取号:D63-39/259         预约/预借

序号 登录号 条形码 馆藏地/架位号 状态 备注
1 0962078   209620784   第一样本阅览室/ [索取号:D63-39/259] 在馆    
2 0962079   209620793   第一借阅区/ [索取号:D63-39/259] 在馆    
3 0962080   209620800   第一借阅区/ [索取号:D63-39/259] 在馆    
唐山师范学院图书馆 欢迎您!
大连网信软件有限公司© 版权所有